[Event "XXX Festival A"]
[Site "Arco ITA"]
[Date "2008.10.18"]
[Round "1"]
[White "Buratti, Marco"]
[Black "Giaracuni, Claudio"]
[Result "1-0"]
[WhiteElo "2017"]
[BlackElo "1780"]
[PlyCount "47"]
[EventDate "2008.10.18"]

1. e4 c5 2. Nc3 a6 3. a4 Nc6 4. Bc4 Nf6 5. d3 d6 6. Nge2 e6 7. O-O Be7 8. Ng3
O-O 9. f4 b6 10. Bd2 Bb7 11. f5 d5 12. Ba2 dxe4 13. fxe6 exd3 14. exf7+ Kh8 15.
cxd3 Qxd3 16. Bg5 Qg6 17. Bxf6 Bxf6 18. Qd7 Na5 19. Rae1 Bh4 20. Bb1 Qc6 21.
Qh3 g5 22. Re6 g4 23. Rxc6 gxh3 24. Rh6 1-0

[Event "XXX Festival A"]
[Site "Arco ITA"]
[Date "2008.10.18"]
[Round "1"]
[White "Caldara, Sisto"]
[Black "Valenti, Giuseppe"]
[Result "0-1"]
[WhiteElo "1868"]
[BlackElo "2162"]
[PlyCount "82"]
[EventDate "2008.10.18"]

1. d4 Nf6 2. c4 c5 3. d5 e6 4. Nc3 exd5 5. cxd5 d6 6. e4 g6 7. Be2 Bg7 8. Bg5
h6 9. Be3 O-O 10. Qd2 Kh7 11. f3 a6 12. a4 Qa5 13. Ra3 Nbd7 14. g4 Ne5 15. h4
h5 16. gxh5 Nxh5 17. Nh3 f6 18. f4 Ng4 19. Bxg4 Bxg4 20. Qg2 Bd7 21. Rg1 Be8
22. f5 gxf5 23. Nf4 Rg8 24. Ne6 Bf7 25. exf5 Bh6 26. Qf2 Rxg1+ 27. Qxg1 Qb4 28.
Bxh6 Qxb2 29. Bd2 Qxa3 30. Qe3 b5 31. Qh6+ Kg8 32. Kf2 Qb4 33. Ne2 Qxh4+ 34.
Kg2 Qe4+ 35. Kf1 Qxf5+ 36. N2f4 Bxe6 37. dxe6 Nxf4 38. Bxf4 Re8 39. Qh4 Rxe6
40. Qg3+ Kf7 41. Kg2 Re4 0-1

[Event "XXX Festival A"]
[Site "Arco ITA"]
[Date "2008.10.18"]
[Round "1"]
[White "Cardili, Mariano"]
[Black "Mombelli, Antonio"]
[Result "1-0"]
[WhiteElo "2123"]
[BlackElo "1850"]
[PlyCount "81"]
[EventDate "2008.10.18"]

1. d4 d5 2. c4 c6 3. Nf3 Nf6 4. Nc3 dxc4 5. a4 Na6 6. e3 Bg4 7. Bxc4 e6 8. O-O
Nb4 9. Qe2 Be7 10. Rd1 O-O 11. e4 Qc7 12. Bg5 Rfe8 13. Rac1 Nd7 14. Bxe7 Rxe7
15. Qe3 Nf8 16. h3 Bxf3 17. Qxf3 Qb6 18. Rd2 Rd8 19. Rcd1 Red7 20. d5 cxd5 21.
exd5 Nxd5 22. Nxd5 exd5 23. Rxd5 Rxd5 24. Rxd5 Rxd5 25. Bxd5 Ne6 26. b3 Nd8 27.
Qe4 g6 28. b4 Qc7 29. g3 b6 30. h4 h5 31. Qxg6+ Kf8 32. Qxh5 Qc1+ 33. Kg2 Qa3
34. Qg5 Ke8 35. h5 Ne6 36. Bxe6 fxe6 37. h6 Qxb4 38. Qb5+ Qxb5 39. axb5 Kf7 40.
g4 Kg6 41. g5 1-0

[Event "XXX Festival A"]
[Site "Arco ITA"]
[Date "2008.10.18"]
[Round "1"]
[White "Carola, Paolo"]
[Black "Karl, Hans"]
[Result "0-1"]
[WhiteElo "1899"]
[BlackElo "2240"]
[PlyCount "66"]
[EventDate "2008.10.18"]

1. e4 e5 2. Nf3 Nc6 3. d4 exd4 4. Nxd4 Nf6 5. Nc3 Bb4 6. Nxc6 bxc6 7. Bd3 d5 8.
exd5 cxd5 9. O-O O-O 10. Bg5 c6 11. Qf3 Be7 12. Ne2 Bg4 13. Qf4 Qd7 14. Ng3 Bd6
15. Qd2 Nh5 16. Rae1 Rae8 17. Nxh5 Bxh5 18. Bf4 Bc5 19. Qc3 Bb6 20. a4 Bg6 21.
b4 Rxe1 22. Rxe1 Re8 23. Bxg6 hxg6 24. a5 Bd4 25. Qd2 Rxe1+ 26. Qxe1 Qf5 27.
Qd2 Qe4 28. h3 a6 29. Be3 Be5 30. f3 Qc4 31. c3 Bxc3 32. Qc2 Bxb4 33. Qa4 Bc5
0-1

[Event "XXX Festival A"]
[Site "Arco ITA"]
[Date "2008.10.18"]
[Round "1"]
[White "Cavatorta, Fosco"]
[Black "Vezzosi, Paolo"]
[Result "0-1"]
[WhiteElo "1923"]
[BlackElo "2337"]
[PlyCount "62"]
[EventDate "2008.10.18"]

1. Nf3 d5 2. d4 Nf6 3. e3 Bf5 4. Bd3 e6 5. Bxf5 exf5 6. Qd3 Qc8 7. O-O Bd6 8.
c4 dxc4 9. Qxc4 Nbd7 10. Nc3 O-O 11. Bd2 c6 12. Qd3 Nb6 13. Rac1 Re8 14. Rfd1
Ne4 15. Be1 Qe6 16. d5 cxd5 17. Nd4 Qh6 18. g3 Qg5 19. Ncb5 g6 20. Nc7 Nc5 21.
Rxc5 Bxc5 22. Nxa8 Rxa8 23. b3 Qe7 24. Bc3 Rc8 25. Ne2 Qe4 26. Bb2 Bd6 27. f4
Qxd3 28. Rxd3 Rc2 29. Bd4 Rxe2 30. Bxb6 axb6 31. Rxd5 Bc5 0-1

[Event "XXX Festival A"]
[Site "Arco ITA"]
[Date "2008.10.18"]
[Round "1"]
[White "Collato, Luca"]
[Black "Moncelli, Giorgio"]
[Result "0-1"]
[WhiteElo "1848"]
[BlackElo "2110"]
[PlyCount "64"]
[EventDate "2008.10.18"]

1. d4 Nf6 2. c4 e6 3. Nc3 c5 4. d5 exd5 5. cxd5 d6 6. e4 g6 7. Nf3 Bg7 8. Be2
O-O 9. O-O Re8 10. Bg5 h6 11. Bxf6 Qxf6 12. Nd2 a6 13. a4 Nd7 14. Kh1 b6 15.
Nc4 Rb8 16. f3 Ne5 17. f4 Nxc4 18. Bxc4 Qd4 19. Qd3 Qxd3 20. Bxd3 Bd7 21. Rae1
b5 22. axb5 axb5 23. Rf2 Bd4 24. Rd2 f5 25. Rde2 b4 26. Nb1 c4 27. Bxc4 Rxe4
28. Rxe4 fxe4 29. Rxe4 Bxb2 30. Re2 Bc1 31. Nd2 Rc8 32. Bb3 Bg4 0-1

[Event "XXX Festival A"]
[Site "Arco ITA"]
[Date "2008.10.18"]
[Round "1"]
[White "De Andres Gonalons, Fernando"]
[Black "Ludovici, Roberto"]
[Result "1/2-1/2"]
[WhiteElo "2092"]
[BlackElo "1843"]
[PlyCount "113"]
[EventDate "2008.10.18"]

1. d4 d5 2. c4 e6 3. Nc3 Nf6 4. Nf3 Be7 5. Bf4 O-O 6. e3 c5 7. dxc5 Qa5 8. a3
dxc4 9. Bxc4 Qxc5 10. Qe2 Nc6 11. e4 e5 12. b4 Nd4 13. bxc5 Nxe2 14. Nxe2 exf4
15. e5 Ne4 16. Nxf4 Bxc5 17. Nd3 Bb6 18. O-O Rd8 19. h3 Nc5 20. Nf4 Bf5 21.
Rad1 Rxd1 22. Rxd1 Rd8 23. Nd5 Kf8 24. Nd4 Bg6 25. Nxb6 axb6 26. Kf1 Ra8 27.
Nb5 Ra4 28. Be2 Ke7 29. Rd6 Nd7 30. g3 Bf5 31. f4 Bxh3+ 32. Kf2 Be6 33. Bf3 Ra5
34. Be2 g6 35. Ke3 h5 36. Kd2 Ra4 37. Bd3 h4 38. gxh4 Rxf4 39. Nc7 Nxe5 40.
Rxb6 Nxd3 41. Nxe6 fxe6 42. Kxd3 Rf3+ 43. Ke4 Rxa3 44. Rxb7+ Kf6 45. Kf4 Ra4+
46. Kg3 e5 47. Rb8 Kf5 48. Rf8+ Ke6 49. Rg8 Kf7 50. Rb8 Re4 51. Rb6 Kg7 52. Ra6
Kh6 53. Ra8 Rb4 54. Re8 Rb5 55. Kg4 Rb4+ 56. Kg3 e4 57. Kf4 1/2-1/2

[Event "XXX Festival A"]
[Site "Arco ITA"]
[Date "2008.10.18"]
[Round "1"]
[White "De Eccher, Stefano"]
[Black "Von Wantoch, Markus"]
[Result "1-0"]
[WhiteElo "2263"]
[BlackElo "1922"]
[PlyCount "59"]
[EventDate "2008.10.18"]

1. e4 d5 2. exd5 Nf6 3. d4 Nxd5 4. Nf3 Bg4 5. Be2 e6 6. O-O Nc6 7. Re1 Be7 8.
h3 Bxf3 9. Bxf3 O-O 10. c3 Re8 11. Nd2 Bg5 12. Nc4 Bxc1 13. Rxc1 Qg5 14. Ne5
Rad8 15. Nxc6 bxc6 16. Re5 Qf6 17. b4 Rd6 18. g3 Qh6 19. Bg2 f6 20. Re1 e5 21.
Qc2 Rde6 22. dxe5 Rxe5 23. Rxe5 Rxe5 24. Rd1 Qh5 25. Qd3 Qg6 26. Qd2 Qe8 27. a3
Re2 28. Bxd5+ cxd5 29. Qxd5+ Kh8 30. Qd8 1-0

[Event "XXX Festival A"]
[Site "Arco ITA"]
[Date "2008.10.18"]
[Round "1"]
[White "De Polzer, Manfredi"]
[Black "Burani, Eugenio"]
[Result "0-1"]
[WhiteElo "1726"]
[BlackElo "1991"]
[PlyCount "74"]
[EventDate "2008.10.18"]

1. e4 c5 2. Nf3 Nf6 3. e5 Nd5 4. c4 Nc7 5. d4 cxd4 6. Qxd4 Nc6 7. Qc3 e6 8. a3
d6 9. exd6 Qxd6 10. Bh6 e5 11. Be3 Bg4 12. Nbd2 O-O-O 13. Be2 f5 14. c5 Qd7 15.
Nxe5 Nxe5 16. Qxe5 Bxe2 17. Kxe2 Re8 18. Qf4 Nd5 19. Qc4 f4 20. f3 Nxe3 21. Qc1
Nc2+ 22. Ne4 Nxa1 23. Qxa1 Qb5+ 24. Kd2 Rd8+ 25. Ke1 Qb3 26. Qc1 Qe3+ 27. Qxe3
fxe3 28. Ke2 Be7 29. Rc1 Kc7 30. b4 Rhe8 31. b5 g6 32. g3 Rd5 33. Rc4 Red8 34.
a4 Rd4 35. Rxd4 Rxd4 36. a5 Rxe4 37. fxe4 Bxc5 0-1

[Event "XXX Festival A"]
[Site "Arco ITA"]
[Date "2008.10.18"]
[Round "1"]
[White "Del Nevo, Claudio"]
[Black "Medancic, Rikard"]
[Result "0-1"]
[WhiteElo "1898"]
[BlackElo "2225"]
[PlyCount "64"]
[EventDate "2008.10.18"]

1. d4 d5 2. Nf3 Nf6 3. Bg5 Ne4 4. Bf4 c5 5. Bxb8 Rxb8 6. c3 b5 7. e3 c4 8. Ne5
Qc7 9. g3 e6 10. Bg2 Bd6 11. Bxe4 dxe4 12. Qh5 O-O 13. f4 exf3 14. Nxf3 Bb7 15.
O-O Bxg3 16. hxg3 Qxg3+ 17. Kh1 g6 18. Nbd2 gxh5 19. Rg1 Qg4 20. e4 f6 21. Kh2
Kf7 22. Rxg4 hxg4 23. Nh4 Ke7 24. Kg3 Rg8 25. Re1 Rg5 26. d5 Rd8 27. Re2 exd5
28. exd5+ Kf7 29. Ne4 Re5 30. Kxg4 Bxd5 31. Kf4 Rxe4+ 32. Rxe4 Bxe4 0-1

[Event "XXX Festival A"]
[Site "Arco ITA"]
[Date "2008.10.18"]
[Round "1"]
[White "Dickhoff, Ronald"]
[Black "Coqueraut, Jean Dominique"]
[Result "1-0"]
[WhiteElo "2175"]
[BlackElo "1892"]
[PlyCount "93"]
[EventDate "2008.10.18"]

1. d4 d5 2. c4 c6 3. Nf3 Nf6 4. e3 e6 5. Nc3 dxc4 6. Bxc4 Nbd7 7. O-O Nb6 8.
Bd3 Bd7 9. Ne4 Nxe4 10. Bxe4 Bd6 11. Bd2 O-O 12. Rc1 Qe7 13. a3 Rfe8 14. b4 Nd5
15. Rb1 b5 16. Qb3 a6 17. h3 Kh8 18. Ne5 f6 19. Nd3 f5 20. Bf3 g5 21. Ne5 Rac8
22. Rbc1 Rf8 23. Rc2 Bxe5 24. dxe5 Qf7 25. Qd3 Rfd8 26. Bc3 Be8 27. Bd4 Nb6 28.
Qc3 Na4 29. Qa1 h5 30. Rfc1 Qb7 31. Qa2 g4 32. hxg4 hxg4 33. Be2 Qe7 34. g3 Bd7
35. Bf1 Kg7 36. Bc5 Nxc5 37. Rxc5 Rh8 38. Bg2 Qe8 39. Qd2 Rh7 40. e4 Kh8 41.
Qg5 Rg7 42. Qh6+ Rh7 43. Qf6+ Rg7 44. exf5 exf5 45. Bxc6 Bxc6 46. Rxc6 Rxc6 47.
Rxc6 1-0

[Event "XXX Festival A"]
[Site "Arco ITA"]
[Date "2008.10.18"]
[Round "1"]
[White "Dittmar, Peter"]
[Black "Kopischke, Maik"]
[Result "1-0"]
[WhiteElo "2357"]
[BlackElo "1930"]
[PlyCount "71"]
[EventDate "2008.10.18"]

1. b3 e5 2. Bb2 Nc6 3. c4 Nf6 4. e3 Bd6 5. Nc3 e4 6. d4 exd3 7. Bxd3 O-O 8. Nf3
Ne5 9. Be2 Nxf3+ 10. Bxf3 Be5 11. O-O d6 12. Qc2 h5 13. Nd5 Bxb2 14. Qxb2 Nxd5
15. cxd5 h4 16. Rac1 h3 17. g3 Bf5 18. Qd4 Re8 19. Bh1 Re5 20. Rc3 Bd7 21. Rfc1
Rc8 22. f4 Rh5 23. Bf3 Rh6 24. a4 Rg6 25. Kf2 Bg4 26. Bxg4 Rxg4 27. Qxa7 g5 28.
Qd4 gxf4 29. exf4 Qd7 30. Re1 Qf5 31. Rce3 f6 32. Qe4 Qxe4 33. Rxe4 Kf7 34.
Re7+ Kf8 35. Rh7 c6 36. Re6 1-0

[Event "XXX Festival A"]
[Site "Arco ITA"]
[Date "2008.10.18"]
[Round "1"]
[White "Fragni, Enrico"]
[Black "Ricci, Alfredo"]
[Result "0-1"]
[WhiteElo "1784"]
[BlackElo "2020"]
[PlyCount "70"]
[EventDate "2008.10.18"]

1. d4 c5 2. c3 Qc7 3. Nf3 Nf6 4. Nbd2 d6 5. e4 Nbd7 6. Bd3 e5 7. dxe5 dxe5 8.
O-O Be7 9. Qe2 O-O 10. Rd1 a6 11. a4 b6 12. Nc4 Re8 13. Bg5 Bb7 14. Bc2 h6 15.
Bh4 b5 16. Ncd2 c4 17. Nf1 Nc5 18. Bxf6 Bxf6 19. Ng3 g6 20. Rd2 Rad8 21. axb5
Rxd2 22. Nxd2 axb5 23. Nf3 Kg7 24. h4 Be7 25. h5 Ne6 26. Qe1 Nf4 27. hxg6 fxg6
28. Ne2 Rf8 29. Nxf4 Rxf4 30. Qe2 Bc5 31. g3 Rf7 32. Kg2 Bc8 33. Bd1 Qd7 34. b4
Qh3+ 35. Kg1 Qxg3+ 0-1

[Event "XXX Festival A"]
[Site "Arco ITA"]
[Date "2008.10.18"]
[Round "1"]
[White "Galas, Franco"]
[Black "Castellano, Alfonso"]
[Result "1/2-1/2"]
[WhiteElo "1541"]
[BlackElo "1967"]
[PlyCount "82"]
[EventDate "2008.10.18"]

1. d4 Nf6 2. Nf3 g6 3. e3 Bg7 4. c3 O-O 5. Bd3 d6 6. Qc2 Nbd7 7. Nbd2 e5 8.
dxe5 dxe5 9. e4 Nc5 10. Be2 a5 11. b4 axb4 12. cxb4 Ne6 13. Nc4 Qe7 14. a3 Nf4
15. O-O N6h5 16. Bb2 Bg4 17. Ne3 Nxe2+ 18. Qxe2 Nf4 19. Qc2 Bxf3 20. gxf3 Rfd8
21. Kh1 c6 22. Rad1 Qe6 23. Ng2 Nh3 24. Qe2 Bh6 25. Rd3 Qe7 26. Rfd1 Rxd3 27.
Rxd3 Nf4 28. Nxf4 Bxf4 29. Qd1 Qh4 30. Qg1 Rd8 31. Rxd8+ Qxd8 32. Bc1 Qd3 33.
Kg2 h5 34. Bxf4 exf4 35. Qc1 Qd6 36. h3 g5 37. Qc5 Qxc5 38. bxc5 f6 39. Kf1 Kf7
40. Ke2 Ke6 41. Kd3 Ke5 1/2-1/2

[Event "XXX Festival A"]
[Site "Arco ITA"]
[Date "2008.10.18"]
[Round "1"]
[White "Garonzi, Martino"]
[Black "Zenatto, Giuliano"]
[Result "1-0"]
[WhiteElo "2008"]
[BlackElo "1762"]
[PlyCount "47"]
[EventDate "2008.10.18"]

1. e4 c5 2. Nf3 d6 3. d4 cxd4 4. Nxd4 Nf6 5. Nc3 a6 6. Be2 b5 7. a3 Bb7 8. f3
g6 9. Be3 Bg7 10. Qd2 O-O 11. O-O-O Nbd7 12. Bh6 Qa5 13. Bxg7 Kxg7 14. h4 b4
15. Na2 Bxe4 16. fxe4 Nxe4 17. Nc6 Qa4 18. Qd4+ Ndf6 19. Nxe7 b3 20. Nb4 bxc2
21. Rdf1 Qd7 22. Nbd5 Qe6 23. Rxf6 Nxf6 24. Rf1 1-0

[Event "XXX Festival A"]
[Site "Arco ITA"]
[Date "2008.10.18"]
[Round "1"]
[White "Giuriato, Sergio"]
[Black "Drazic, Sinisa"]
[Result "0-1"]
[WhiteElo "1967"]
[BlackElo "2528"]
[PlyCount "56"]
[EventDate "2008.10.18"]

1. d4 Nf6 2. Nf3 c6 3. c4 b5 4. cxb5 cxb5 5. g3 e6 6. Bg2 Bb7 7. O-O Be7 8. a4
b4 9. Nbd2 O-O 10. Ne5 Bxg2 11. Kxg2 Qc7 12. Qb3 Rc8 13. Rd1 Nc6 14. Ndf3 Na5
15. Qe3 d6 16. Nxf7 Kxf7 17. Ng5+ Ke8 18. Qxe6 h6 19. Qf7+ Kd7 20. Qe6+ Kd8 21.
Nf7+ Ke8 22. Bf4 Nb7 23. Nh8 Qc4 24. Qf5 Qd5+ 25. Qxd5 Nxd5 26. Rac1 g5 27.
Rxc8+ Rxc8 28. Rc1 Nxf4+ 0-1

[Event "XXX Festival A"]
[Site "Arco ITA"]
[Date "2008.10.18"]
[Round "1"]
[White "Grant, Jonathan I.M."]
[Black "Morselli, Stefano"]
[Result "1-0"]
[WhiteElo "2246"]
[BlackElo "1901"]
[PlyCount "79"]
[EventDate "2008.10.18"]

1. c4 Nf6 2. Nc3 g6 3. g3 Bg7 4. Bg2 c6 5. e4 d6 6. Nge2 O-O 7. O-O Na6 8. h3
Bd7 9. d4 Rc8 10. Be3 b5 11. c5 Nc7 12. b4 Be6 13. d5 cxd5 14. exd5 Nfxd5 15.
Nxd5 Bxd5 16. Bxd5 Bxa1 17. Bb7 Be5 18. f4 Bg7 19. Bxc8 Qxc8 20. cxd6 Rd8 21.
Qc2 Nd5 22. Qxc8 Rxc8 23. Bc5 exd6 24. Bxd6 Rc4 25. a3 Ne3 26. Rf3 Re4 27. Bc5
Nc4 28. Kf2 Bb2 29. Rd3 f5 30. Rd8+ Kf7 31. Rd7+ Kf6 32. Rxa7 Bxa3 33. Nc3 g5
34. Nxe4+ fxe4 35. Be7+ Kg6 36. fxg5 Bc1 37. Ra6+ Kf7 38. Bc5 Ne5 39. h4 Bd2
40. Ke2 1-0

[Event "XXX Festival A"]
[Site "Arco ITA"]
[Date "2008.10.18"]
[Round "1"]
[White "Henrichsen, Jens"]
[Black "Thonig, Manfred"]
[Result "1-0"]
[WhiteElo "1987"]
[BlackElo "1709"]
[PlyCount "121"]
[EventDate "2008.10.18"]

1. d4 f5 2. g3 Nf6 3. Bg2 e6 4. Nf3 Bb4+ 5. Bd2 Be7 6. O-O O-O 7. c4 d5 8. b3
Ne4 9. Qc2 Nc6 10. e3 b6 11. cxd5 Qxd5 12. Nc3 Nxc3 13. Bxc3 Bb7 14. Rfc1 Ba3
15. Bb2 Bxb2 16. Qxb2 Qd6 17. Ne5 Na5 18. Bxb7 Nxb7 19. Rc6 Qe7 20. Rac1 Rac8
21. Qc3 Nd6 22. a4 Ne8 23. Qc4 Rf6 24. Qa6 Nd6 25. Qxa7 Ne8 26. Qa6 Rd8 27. Qc4
Rd5 28. Nd3 g5 29. Nb4 Rd6 30. Rxd6 Qxd6 31. Nd3 Kg7 32. Qc6 Qe7 33. Ne5 Kh6
34. Rc3 g4 35. Kg2 Kg7 36. Qd7 Qxd7 37. Nxd7 Rf7 38. Ne5 Re7 39. Rc6 Nd6 40. b4
Nc8 41. a5 Na7 42. axb6 cxb6 43. Rxb6 Nc8 44. Rc6 Na7 45. Rd6 Nb5 46. Rd7 Rxd7
47. Nxd7 Kf7 48. Kf1 h5 49. Ne5+ Kf6 50. Nd3 Nc7 51. Ke2 Nd5 52. Kd2 Ke7 53.
Kc2 Kd6 54. Kb3 Kc6 55. Nf4 Nxf4 56. exf4 Kb5 57. Kc3 Kb6 58. Kc4 Kc6 59. b5+
Kb6 60. Kb4 Kb7 61. Kc5 1-0

[Event "XXX Festival A"]
[Site "Arco ITA"]
[Date "2008.10.18"]
[Round "1"]
[White "Llaneza Vega, Marcos"]
[Black "Perich, Stefano"]
[Result "1-0"]
[WhiteElo "2485"]
[BlackElo "1960"]
[PlyCount "73"]
[EventDate "2008.10.18"]

1. e4 Nc6 2. Nc3 g6 3. d4 Bg7 4. Be3 d6 5. f4 e6 6. Be2 Nge7 7. Nf3 h6 8. d5
exd5 9. exd5 Nb4 10. O-O Nf5 11. Bf2 O-O 12. Qd2 a5 13. Rae1 b6 14. a3 Na6 15.
Bb5 h5 16. Nd4 Nxd4 17. Bxd4 Bxd4+ 18. Qxd4 Nc5 19. b4 axb4 20. axb4 Nd7 21.
Ne4 f6 22. Rf3 Rf7 23. Ng3 h4 24. Rfe3 Rf8 25. Ne4 Ra2 26. Qc4 Ra7 27. Qe2 Kg7
28. Qf2 g5 29. Qe2 Kh6 30. Qf3 Nb8 31. Nf2 Bd7 32. Ng4+ Bxg4 33. Qxg4 c6 34.
dxc6 Rg7 35. Re6 Kh7 36. Qh5+ Kg8 37. Re8 1-0

[Event "XXX Festival A"]
[Site "Arco ITA"]
[Date "2008.10.18"]
[Round "1"]
[White "Marino, Francesco V."]
[Black "Piccoli, Vincenzo"]
[Result "1/2-1/2"]
[WhiteElo "1686"]
[BlackElo "1972"]
[PlyCount "37"]
[EventDate "2008.10.18"]

1. c4 b6 2. Nc3 e6 3. g3 Bb7 4. Nf3 Nf6 5. Bg2 Be7 6. O-O O-O 7. d3 d5 8. cxd5
Nxd5 9. Bd2 Nd7 10. a3 Bf6 11. Qc2 Nxc3 12. Bxc3 c5 13. Rad1 Rc8 14. e4 Qc7 15.
d4 Rfd8 16. d5 exd5 17. exd5 Bxc3 18. bxc3 b5 19. Ng5 1/2-1/2

[Event "XXX Festival A"]
[Site "Arco ITA"]
[Date "2008.10.18"]
[Round "1"]
[White "Mazza, Maurizio"]
[Black "Casagrande, Fabio"]
[Result "0-1"]
[WhiteElo "1765"]
[BlackElo "2017"]
[PlyCount "62"]
[EventDate "2008.10.18"]

1. e4 e6 2. d4 d5 3. exd5 exd5 4. Nf3 Bg4 5. Be2 Bd6 6. Nc3 Ne7 7. Bg5 f6 8.
Bh4 Nbc6 9. O-O Qd7 10. Re1 O-O-O 11. Nb5 Nf5 12. Nxd6+ Nxd6 13. c3 h5 14. b4
g5 15. b5 Na5 16. Bg3 Ne4 17. h4 Nxg3 18. fxg3 gxh4 19. gxh4 Rhg8 20. Rb1 Nc4
21. Qa4 Kb8 22. Bxc4 Bxf3 23. Bf1 Be4 24. Rb2 Rg4 25. Rf2 f5 26. Qb4 Rdg8 27.
Qb2 Rxh4 28. Qd2 Qd6 29. Bd3 Qh2+ 30. Kf1 Bxd3+ 31. Qxd3 Qh1+ 0-1

[Event "XXX Festival A"]
[Site "Arco ITA"]
[Date "2008.10.18"]
[Round "1"]
[White "Moro, Roberto"]
[Black "Facchetti, Gianni"]
[Result "0-1"]
[WhiteElo "1866"]
[BlackElo "2154"]
[PlyCount "86"]
[EventDate "2008.10.18"]

1. e4 e5 2. f4 Nf6 3. Nc3 d5 4. fxe5 Nxe4 5. Nf3 Bg4 6. d3 Nc5 7. Be2 Be7 8.
O-O O-O 9. h3 Bh5 10. Nh2 Bg6 11. Bh5 d4 12. Bxg6 hxg6 13. Ne2 Nc6 14. Bf4 Ne6
15. Bg3 Bh4 16. Qe1 Bxg3 17. Qxg3 Qg5 18. Qxg5 Nxg5 19. Ng4 Rad8 20. Nf4 Rfe8
21. Rae1 Ne6 22. g3 Nb4 23. Re2 Nd5 24. Nxd5 Rxd5 25. Kg2 c5 26. b3 b5 27. Rfe1
Rc8 28. Nf2 c4 29. dxc4 bxc4 30. bxc4 Rxc4 31. Nd3 Ra5 32. Ra1 Ra3 33. Rd2 Rcc3
34. h4 g5 35. h5 g4 36. Rf2 Ng5 37. Re1 Rxa2 38. Nb4 Raa3 39. Nd3 Nf3 40. Rh1
a5 41. Re2 Ra2 42. e6 fxe6 43. Nf2 Rcxc2 0-1

[Event "XXX Festival A"]
[Site "Arco ITA"]
[Date "2008.10.18"]
[Round "1"]
[White "Nicolodi, Raoul"]
[Black "Schrott, Ernst"]
[Result "0-1"]
[WhiteElo "1825"]
[BlackElo "2072"]
[PlyCount "80"]
[EventDate "2008.10.18"]

1. Nf3 g6 2. g3 Bg7 3. Bg2 e5 4. d3 Ne7 5. c4 O-O 6. Nc3 d5 7. cxd5 Nxd5 8.
Nxd5 Qxd5 9. O-O Nc6 10. Be3 Qb5 11. Qc2 Nd4 12. Nxd4 exd4 13. Bf4 c6 14. a3
Re8 15. b4 Bg4 16. Rfe1 Qh5 17. f3 Bd7 18. Qc5 f5 19. a4 g5 20. Bc1 b6 21. Qc4+
Kh8 22. Bb2 c5 23. bxc5 Be6 24. Qb4 bxc5 25. Qxc5 Rac8 26. Qxa7 Ra8 27. Qc5
Rac8 28. Qb4 Rb8 29. Qd2 f4 30. g4 Qh4 31. Rab1 h5 32. h3 hxg4 33. hxg4 Bb3 34.
a5 Re6 35. Rec1 Rh6 36. Qe1 Qh2+ 37. Kf2 Ba2 38. Ra1 Rxb2 39. Rc8+ Kh7 40. Qc1
Rxe2+ 0-1

[Event "XXX Festival A"]
[Site "Arco ITA"]
[Date "2008.10.18"]
[Round "1"]
[White "Paggiaro, Luca"]
[Black "Savarese, Vincenzo"]
[Result "1/2-1/2"]
[WhiteElo "2049"]
[BlackElo "1821"]
[PlyCount "50"]
[EventDate "2008.10.18"]

1. e4 e6 2. d4 d5 3. e5 c5 4. c3 Nc6 5. Nf3 Qb6 6. Bd3 Bd7 7. Bc2 cxd4 8. cxd4
Nb4 9. O-O Nxc2 10. Qxc2 Rc8 11. Nc3 Bb4 12. a3 Bxc3 13. bxc3 Ne7 14. Rb1 Qa6
15. Qb3 Rc7 16. Bg5 Nc6 17. Rfc1 O-O 18. Qb2 Na5 19. Qd2 Rfc8 20. Bf6 h6 21.
Qf4 Qd3 22. Qg4 Qg6 23. Qxg6 fxg6 24. Be7 Rxc3 25. Rxc3 Rxc3 1/2-1/2

[Event "XXX Festival A"]
[Site "Arco ITA"]
[Date "2008.10.18"]
[Round "1"]
[White "Papa, Angelo"]
[Black "Astengo, Corrado"]
[Result "0-1"]
[WhiteElo "1870"]
[BlackElo "2172"]
[PlyCount "62"]
[EventDate "2008.10.18"]

1. d4 d5 2. Nf3 c6 3. c4 e6 4. cxd5 exd5 5. Nc3 Bf5 6. Bf4 Nf6 7. e3 Qb6 8. Bd3
Qxb2 9. O-O Bxd3 10. Qxd3 Qa3 11. Rab1 Bb4 12. Rb3 Qa5 13. Rc1 Nbd7 14. a3 Bxc3
15. Rcxc3 Ne4 16. Rc1 Nb6 17. Rcb1 O-O 18. Bc7 h6 19. Bxb6 axb6 20. Rxb6 Qxa3
21. Qxa3 Rxa3 22. Rxb7 Ra2 23. R7b2 Rfa8 24. g3 f6 25. h4 h5 26. Kg2 Nc3 27.
Rb8+ Rxb8 28. Rxb8+ Kh7 29. Ne1 Nd1 30. Nd3 Nxe3+ 31. Kf3 Nf5 0-1

[Event "XXX Festival A"]
[Site "Arco ITA"]
[Date "2008.10.18"]
[Round "1"]
[White "Pipitone, Antonio"]
[Black "Sigillo, Carmelo"]
[Result "1/2-1/2"]
[WhiteElo "1997"]
[BlackElo "1751"]
[PlyCount "72"]
[EventDate "2008.10.18"]

1. e4 c5 2. Nf3 d6 3. d4 cxd4 4. Nxd4 Nf6 5. Nc3 a6 6. Bd3 Qb6 7. O-O Nbd7 8.
Nb3 Qc7 9. h3 e5 10. Qe2 Be7 11. Be3 O-O 12. f4 b5 13. a3 Bb7 14. Rad1 Nc5 15.
fxe5 dxe5 16. Nxc5 Bxc5 17. Bxc5 Qxc5+ 18. Kh2 Rac8 19. Rf5 Rfe8 20. Rdf1 Re6
21. Qf3 Qe7 22. g4 Rc7 23. g5 Ne8 24. Qg3 Nd6 25. R5f2 Rg6 26. h4 h6 27. Rf5
hxg5 28. Rxg5 Rxg5 29. hxg5 Qe6 30. Qh4 Nc4 31. g6 Qxg6 32. Qd8+ Kh7 33. Qxc7
Qh5+ 34. Kg3 Qg5+ 35. Kf2 Qf4+ 36. Kg1 Qg3+ 1/2-1/2

[Event "XXX Festival A"]
[Site "Arco ITA"]
[Date "2008.10.18"]
[Round "1"]
[White "Pivovarov, Michail"]
[Black "Tratar, Marko"]
[Result "0-1"]
[WhiteElo "1963"]
[BlackElo "2507"]
[PlyCount "72"]
[EventDate "2008.10.18"]

1. Nf3 d6 2. g3 e5 3. d3 f5 4. Bg2 Nf6 5. Nbd2 g6 6. e4 Bg7 7. b3 O-O 8. Bb2
Nc6 9. O-O Bd7 10. Re1 f4 11. Nf1 Qc8 12. c3 Bg4 13. d4 Nh5 14. Qd3 Kh8 15. d5
Nd8 16. c4 Nf7 17. b4 g5 18. Rac1 Bxf3 19. Qxf3 g4 20. Qa3 f3 21. Bh1 Ng5 22.
Nd2 Bh6 23. Rc2 Nh3+ 24. Kf1 Qe8 25. Qd3 N5f4 26. Qb3 Qh5 27. Nxf3 gxf3 28.
Bxf3 Qg6 29. c5 Rf7 30. cxd6 cxd6 31. Rec1 Raf8 32. Rc8 Nh5 33. Rxf8+ Rxf8 34.
Rc3 Bd2 35. Rd3 Qxe4 36. Kg2 N3f4+ 0-1

[Event "XXX Festival A"]
[Site "Arco ITA"]
[Date "2008.10.18"]
[Round "1"]
[White "Prakken, Gerrit"]
[Black "Niccoli, Paolo"]
[Result "1-0"]
[WhiteElo "2206"]
[BlackElo "1898"]
[PlyCount "57"]
[EventDate "2008.10.18"]

1. d4 Nf6 2. c4 g6 3. Nc3 Bg7 4. e4 d6 5. Nf3 O-O 6. Be2 c5 7. O-O cxd4 8. Nxd4
Nc6 9. Nc2 Nd7 10. Be3 Bxc3 11. bxc3 Qa5 12. Qd2 Nc5 13. f3 Be6 14. Nb4 Rac8
15. Rab1 Rfd8 16. Rfc1 Ne5 17. Nd5 Bxd5 18. cxd5 a6 19. c4 Qxd2 20. Bxd2 Rd7
21. Ba5 g5 22. g3 h5 23. h3 Kg7 24. Bd2 Kg6 25. Be3 Kh6 26. f4 gxf4 27. gxf4
Rg8+ 28. Kh2 Ned3 29. Rd1 1-0

[Event "XXX Festival A"]
[Site "Arco ITA"]
[Date "2008.10.18"]
[Round "1"]
[White "Qendro, Llambi"]
[Black "Dieli, Riccardo"]
[Result "1-0"]
[WhiteElo "2373"]
[BlackElo "1943"]
[PlyCount "55"]
[EventDate "2008.10.18"]

1. d4 Nf6 2. c4 c5 3. d5 d6 4. Nc3 e6 5. e4 g6 6. Nf3 Bg7 7. Bd3 O-O 8. h3 exd5
9. cxd5 Re8 10. O-O a6 11. a4 Nbd7 12. Bf4 Ne5 13. Nxe5 dxe5 14. Be3 b6 15. a5
Nd7 16. axb6 Qxb6 17. Qc2 Bf8 18. Na4 Qd6 19. Rfc1 Bb7 20. Nxc5 Rec8 21. Nxb7
Rxc2 22. Nxd6 Rxc1+ 23. Rxc1 Bxd6 24. Rc6 Bf8 25. Bxa6 Rb8 26. Rc8 Rxb2 27. Rd8
Nf6 28. Bh6 1-0

[Event "XXX Festival A"]
[Site "Arco ITA"]
[Date "2008.10.18"]
[Round "1"]
[White "Romagnoli, Roberto"]
[Black "Ferrari, Michele"]
[Result "1-0"]
[WhiteElo "2080"]
[BlackElo "1825"]
[PlyCount "83"]
[EventDate "2008.10.18"]

1. c4 e6 2. Nc3 d5 3. e3 c6 4. Nf3 Bd6 5. d3 Nf6 6. g3 O-O 7. Bg2 Nbd7 8. O-O
Qb6 9. Rb1 Ne5 10. Nxe5 Bxe5 11. d4 Bb8 12. c5 Qc7 13. f4 b6 14. b4 bxc5 15.
bxc5 Ba6 16. Rf2 Qd7 17. Bf1 Bxf1 18. Qxf1 Qc8 19. Rfb2 Bc7 20. Nd1 Rb8 21.
Rxb8 Bxb8 22. Nf2 Bc7 23. Bd2 h6 24. Qd3 Ne8 25. Kg2 f6 26. Bc3 Rf7 27. a4 Re7
28. a5 e5 29. fxe5 fxe5 30. a6 e4 31. Qe2 Bd8 32. Ng4 h5 33. Ne5 h4 34. gxh4
Rc7 35. Qg4 Qxa6 36. Qe6+ Kh7 37. Qg6+ Kg8 38. Qxe8+ Kh7 39. Qh5+ Kg8 40. Rb8
Rc8 41. Qf7+ Kh7 42. Qf5+ 1-0